LEADER 00885nam0-22002891--450- 001 990009151080403321 005 20100222131737.0 035 $a000915108 035 $aFED01000915108 035 $a(Aleph)000915108FED01 035 $a000915108 100 $a20100222d1936----km-y0itay50------ba 101 0 $ager 102 $aDE 105 $ay-------001yy 200 1 $aRechts - und Staats - philosophie$eeine systematische Einfuhrung in das lebende Recht$emit besonderer Berucksichtigung der Stromungen im Ausland$fWilhelm Sauer 210 $aStuttgart$cEnke$d1936 215 $aXI, 496 p.$d25 cm 676 $a340$v11 rid.$zita 700 1$aSauer,$bWilhelm$0225738 801 0$aIT$bUNINA$gRICA$2UNIMARC 901 $aBK 912 $a990009151080403321 952 $aXI F 208$b85306$fFGBC 959 $aFGBC 996 $aRechts - und Staats - philosophie$9778855 997 $aUNINA